000 01089cam a22003257a 4500
005 20220329141155.0
008 971010s1990 r 00010 d
010 _a63848
011 _a64820
035 _a70949
090 _aCH500
090 _aTesis
100 0 0 _aChi Calan, Jorge Alberto.
_922208
245 0 _aPotencial pigmentante del helecho acuático Azolla sp. para la yema del huevo
260 _c1990
300 _a57 h.
502 _aTesis (Ing. Agrónomo Esp. en Zootecnia) -- UACH. Departamento de Zootecnia
590 _aALEPH
_b10
_c20130110
_lUCH01
_h1347
590 _aBATCH-UPD
_b10
_c20130110
_lUCH01
_h1733
590 _aBATCH-UPD
_b10
_c20130410
_lUCH01
_h1114
590 _aBATCH-UPD
_b10
_c20130914
_lUCH01
_h0447
590 _aCONVERSION
_b10
_c20130109
_lUCH01
_h1334
650 1 4 _aAves de corral
_xAlimentación.
_98638
650 1 4 _aHelechos.
_953412
650 1 4 _aHuevos
_xIndustria.
_956748
650 1 4 _aPigmentos vegetales.
_988057
710 0 _aUACH. Departamento de Zootecnia.
_9115904
901 _aBK
949 _aCH500
_bZ
_cTESBD
_d-3540
_eTS1
_i70949
_si
999 _c63848
_d63848